[Event "Cappelle Online Blitz op 1st"]
[Site "Europe Echecs INT"]
[Date "2021.01.10"]
[Round "7"]
[White "Breuil, Virgile"]
[Black "Naji, Nil"]
[Result "0-1"]
[WhiteElo "1694"]
[BlackElo "1986"]
[PlyCount "78"]
[EventDate "2021.01.10"]
[EventType "swiss (blitz)"]
[EventRounds "11"]
[EventCountry "FRA"]
[SourceTitle "CBM 200 Extra"]
[Source "ChessBase"]
[SourceDate "2021.03.31"]
[SourceVersion "1"]
[SourceVersionDate "2021.03.31"]
[SourceQuality "1"]

1. e4 c5 2. c3 Nf6 3. e5 Nd5 4. d4 cxd4 5. cxd4 d6 6. exd6 e6 7. Nf3 Bxd6 8. Nc3 Nxc3 9. bxc3 Qc7 10. Bb2 Nd7 11. Be2 b6 12. 0-0 Bb7 13. Rc1 Rc8 14. h3 0-0 15. c4 Bf4 16. Rb1 Be4 17. Ra1 Bxf3 18. Bxf3 Qxc4 19. Be2 Qc2 20. Rb1 Qxd1 21. Rfxd1 Nf6 22. Bf3 Rfd8 23. g3 Bd6 24. Rbc1 Nd5 25. Kf1 Kf8 26. Ke2 Ke7 27. Re1 Kd7 28. Kd2 Bb4+ 29. Ke2 Bxe1 30. Kxe1 Rxc1+ 31. Bxc1 Nb4 32. a3 Nd3+ 33. Kd2 Nxc1 34. Kxc1 Kc7 35. Kc2 Rxd4 36. Kc3 e5 37. Be2 Kd6 38. Bd3 Rxd3+ 39. Kxd3 f5 0-1

[Event "Cappelle Online Blitz op 1st"]
[Site "Europe Echecs INT"]
[Date "2021.01.10"]
[Round "6"]
[White "Naji, Nil"]
[Black "Boyer, Mahel"]
[Result "0-1"]
[WhiteElo "1986"]
[BlackElo "2307"]
[PlyCount "82"]
[EventDate "2021.01.10"]
[EventType "swiss (blitz)"]
[EventRounds "11"]
[EventCountry "FRA"]
[SourceTitle "CBM 200 Extra"]
[Source "ChessBase"]
[SourceDate "2021.03.31"]
[SourceVersion "1"]
[SourceVersionDate "2021.03.31"]
[SourceQuality "1"]

1. e4 g6 2. d4 Bg7 3. Nf3 c6 4. Nc3 d5 5. h3 Nh6 6. Bf4 dxe4 7. Nxe4 Nf5 8. c3 Nd7 9. Be2 Nf6 10. Nxf6+ exf6 11. 0-0 0-0 12. Re1 Be6 13. Bh2 b5 14. a4 a6 15. Bd3 Nd6 16. axb5 cxb5 17. Bxd6 Qxd6 18. b4 Bh6 19. Nd2 f5 20. Nb3 Bd5 21. Nc5 Bg5 22. Bf1 h5 23. Ra3 Ra7 24. Bxb5 Rfa8 25. Bf1 Kg7 26. Qc2 Bf6 27. Rea1 Bd8 28. c4 Bc7 29. g3 Bb7 30. Nxb7 Rxb7 31. Bg2 Rab8 32. Bxb7 Rxb7 33. c5 Qxd4 34. Rd1 Qf6 35. Qc3 Be5 36. Qc4 h4 37. Rxa6 Qg5 38. Qc1 Qh5 39. Qe3 Qxd1+ 40. Kg2 Qd5+ 41. f3 Rxb4 0-1

[Event "Cappelle Online Blitz op 1st"]
[Site "Europe Echecs INT"]
[Date "2021.01.10"]
[Round "2"]
[White "Naji, Nil"]
[Black "Nilsen, Joachim Birger"]
[Result "0-1"]
[WhiteElo "1986"]
[BlackElo "2418"]
[PlyCount "134"]
[EventDate "2021.01.10"]
[EventType "swiss (blitz)"]
[EventRounds "11"]
[EventCountry "FRA"]
[SourceTitle "CBM 200 Extra"]
[Source "ChessBase"]
[SourceDate "2021.03.31"]
[SourceVersion "1"]
[SourceVersionDate "2021.03.31"]
[SourceQuality "1"]

1. e4 c5 2. Nf3 g6 3. c3 Bg7 4. d4 cxd4 5. cxd4 d5 6. e5 Nc6 7. Bb5 Nh6 8. Bxc6+ bxc6 9. 0-0 0-0 10. Bf4 Bg4 11. Nbd2 Qb6 12. b3 f6 13. h3 Bf5 14. exf6 exf6 15. Rc1 Nf7 16. Re1 Rfe8 17. Nf1 g5 18. Bh2 a5 19. Qd2 h5 20. Rxe8+ Rxe8 21. Qc3 Re6 22. Ne3 Bg6 23. Qc5 Qa6 24. Bc7 a4 25. Qb6 Qxb6 26. Bxb6 axb3 27. axb3 Bh6 28. g4 h4 29. Kf1 Bd3+ 30. Kg1 Kf8 31. Bc5+ Ke8 32. Ra1 Nd8 33. Ra8 Be4 34. Nd2 Bg6 35. Kf1 Kd7 36. Ra7+ Ke8 37. Ra8 Bd3+ 38. Kg1 Kd7 39. Ra7+ Kc8 40. Ra8+ Kc7 41. Ra7+ Nb7 42. b4 Kb8 43. Ra3 Bg6 44. Nb3 Bg7 45. Kf1 Bd3+ 46. Ke1 f5 47. Na5 Nxc5 48. bxc5 Bb5 49. Kd2 f4 50. Nd1 Bxd4 51. Rb3 Re2+ 52. Kc1 Kc7 53. Nc3 Bxc3 54. Rxc3 Rxf2 55. Nb3 Bc4 56. Nd4 Rh2 57. Ne6+ Kd7 58. Nxg5 Bf1 59. Nf3 Re2 60. Nxh4 d4 61. Rf3 Ra2 62. Rxf4 d3 63. Nf3 Be2 64. Ne5+ Ke6 65. Nxc6 d2+ 66. Kb1 d1Q+ 67. Kxa2 Qd2+ 0-1

[Event "Cappelle op 33rd"]
[Site "Cappelle la Grande"]
[Date "2017.02.18"]
[Round "1"]
[White "Naji, Nil"]
[Black "Roger, Mehdi"]
[Result "0-1"]
[WhiteElo "1851"]
[BlackElo "2145"]
[PlyCount "58"]
[EventDate "2017.02.18"]
[EventType "swiss"]
[EventRounds "9"]
[EventCountry "FRA"]
[SourceTitle "CBM 177 Extra"]
[Source "ChessBase"]
[SourceDate "2017.04.27"]
[SourceVersion "1"]
[SourceVersionDate "2017.04.27"]
[SourceQuality "1"]

1. Nc3 c5 2. e4 Nc6 3. f4 e6 4. Nf3 d5 5. Bb5 Nge7 6. d3 d4 7. Bxc6+ Nxc6 8. Ne2 Be7 9. 0-0 0-0 10. a4 f5 11. e5 b6 12. b3 Bb7 13. Bd2 a6 14. Qb1 Qd7 15. Kh1 Rad8 16. Qb2 Kh8 17. Be1 h6 18. h4 g6 19. Rd1 Rf7 20. Kh2 Rh7 21. g3 g5 22. Qc1 gxh4 23. gxh4 Rg7 24. c3 Rdg8 25. Kh3 dxc3 26. d4 Nxd4 27. Nexd4 cxd4 28. Qxc3 dxc3 29. Rxd7 c2 0-1

[Event "FRA-ch U26"]
[Site "Strasbourg"]
[Date "2017.01.21"]
[Round "2"]
[White "Sochacki, Wojtek"]
[Black "Naji, Nil"]
[Result "1-0"]
[WhiteElo "2347"]
[BlackElo "1851"]
[PlyCount "87"]
[EventDate "2017.01.21"]
[EventType "swiss"]
[EventRounds "11"]
[EventCountry "FRA"]
[SourceTitle "EXT 2018"]
[Source "ChessBase"]
[SourceDate "2017.10.13"]
[SourceVersion "1"]
[SourceVersionDate "2017.10.13"]
[SourceQuality "1"]

1. d4 Nf6 2. Nf3 g6 3. g3 Bg7 4. Bg2 0-0 5. 0-0 d6 6. c4 Nc6 7. Nc3 a6 8. Bf4 Nh5 9. Bg5 h6 10. Be3 e5 11. Qd2 Kh7 12. Rad1 Rb8 13. dxe5 Nxe5 14. Nxe5 Bxe5 15. Bxh6 Bxc3 16. bxc3 Re8 17. Bg5 f6 18. Be3 Qe7 19. Bf3 Ng7 20. Bd4 Be6 21. Qd3 Bf5 22. Qe3 Qf8 23. Qf4 Ne6 24. Qh4+ Kg7 25. Ba7 g5 26. Qh5 Bg6 27. Qh3 Ra8 28. Be3 Rab8 29. Bd5 Qe7 30. Rd2 Nd8 31. Ba7 Ra8 32. Bd4 c5 33. Be3 Rh8 34. Qg2 Bf5 35. g4 Be6 36. Rd3 Rh4 37. h3 Nc6 38. f4 Rah8 39. Bf2 R4h6 40. Re3 Bxd5 41. Rxe7+ Nxe7 42. cxd5 Rxh3 43. fxg5 fxg5 44. Bg3 1-0

[Event "Rouen op 9th"]
[Site "Rouen"]
[Date "2016.12.20"]
[Round "7"]
[White "Naji, Nil"]
[Black "Le Bourhis, Dominique"]
[Result "0-1"]
[WhiteElo "1825"]
[BlackElo "2065"]
[PlyCount "66"]
[EventDate "2016.12.17"]
[EventType "swiss"]
[EventRounds "7"]
[EventCountry "FRA"]
[SourceTitle "CBM 176 Extra"]
[Source "ChessBase"]
[SourceDate "2017.03.02"]
[SourceVersion "1"]
[SourceVersionDate "2017.03.02"]
[SourceQuality "1"]

1. e4 c5 2. Nf3 d6 3. d4 cxd4 4. Qxd4 Nc6 5. Bb5 Bd7 6. Bxc6 Bxc6 7. Nc3 h6 8. 0-0 Nf6 9. Re1 e5 10. Qd3 Qb6 11. Nd2 Rd8 12. Nc4 Qc7 13. Ne3 Qb8 14. Ncd5 Nd7 15. f3 Nc5 16. Qe2 Ne6 17. c3 f6 18. Qf2 Kf7 19. Qg3 g6 20. Qh4 Bg7 21. Ng4 Bxd5 22. exd5 Ng5 23. Nf2 f5 24. Nh3 Bf6 25. Bxg5 hxg5 26. Nxg5+ Ke7 27. Qg3 Rdg8 28. b4 Rh5 29. Ne6 Bh4 30. Qh3 Bf2+ 31. Kxf2 Rxh3 32. gxh3 Qc8 33. Rac1 Qc4 0-1

[Event "Rouen op 9th"]
[Site "Rouen"]
[Date "2016.12.17"]
[Round "1"]
[White "Bailly, Yannick"]
[Black "Naji, Nil"]
[Result "0-1"]
[WhiteElo "1396"]
[BlackElo "1825"]
[PlyCount "68"]
[EventDate "2016.12.17"]
[EventType "swiss"]
[EventRounds "7"]
[EventCountry "FRA"]
[SourceTitle "CBM 176 Extra"]
[Source "ChessBase"]
[SourceDate "2017.03.02"]
[SourceVersion "1"]
[SourceVersionDate "2017.03.02"]
[SourceQuality "1"]

1. Nf3 e6 2. d4 f5 3. c4 Nf6 4. Nc3 Bb4 5. Bg5 h6 6. Bd2 0-0 7. e3 b6 8. a3 Be7 9. Be2 d6 10. b4 Nbd7 11. Qb3 c5 12. bxc5 bxc5 13. Qc2 Rb8 14. 0-0 Bb7 15. Ne1 Ne4 16. f4 Nxd2 17. Qxd2 Bf6 18. Nf3 cxd4 19. exd4 Be4 20. Bd3 Bxf3 21. Rxf3 Bxd4+ 22. Kf1 Qf6 23. Rc1 Nc5 24. Bc2 Nb3 25. Bxb3 Rxb3 26. Rd3 Bxc3 27. Rcxc3 Rb1+ 28. Ke2 Rfb8 29. Ke3 R8b2 30. Rc2 Rxc2 31. Qxc2 Rb2 32. Qa4 Qh4 33. Qe8+ Kh7 34. Rd2 Qe1+ 0-1